Автоматизированная обработка микрофотографий водомасляной эмульсии с целью определения дисперсного состава; Молодежь и современные информационные технологии

Λεπτομέρειες βιβλιογραφικής εγγραφής
Parent link:Молодежь и современные информационные технологии.— 2023.— С. 383-384
Κύριος συγγραφέας: Филипас А. А. Александр Александрович
Συγγραφή απο Οργανισμό/Αρχή: Национальный исследовательский Томский политехнический университет Инженерная школа информационных технологий и робототехники
Άλλοι συγγραφείς: Кучман А. В. Алёна Владимировна, Чжан И.
Περίληψη:Текстовый файл
Γλώσσα:Ρωσικά
Έκδοση: 2023
Θέματα:
Διαθέσιμο Online:http://earchive.tpu.ru/handle/11683/77964
Μορφή: Ηλεκτρονική πηγή Κεφάλαιο βιβλίου
KOHA link:https://koha.lib.tpu.ru/cgi-bin/koha/opac-detail.pl?biblionumber=671685

MARC

LEADER 00000naa2a2200000 4500
001 671685
005 20250513165408.0
090 |a 671685 
100 |a 20240321d2023 k||y0rusy50 ca 
101 0 |a rus 
102 |a RU 
135 |a drcn ---uucaa 
200 1 |a Автоматизированная обработка микрофотографий водомасляной эмульсии с целью определения дисперсного состава  |f Филипас А. А., Кучман А. В., Чжан И.  |g Томский политехнический университет, ИШИТР 
283 |2 RDAcarrier 
320 |a Список использованных источников: с. 384 
336 |a Текстовый файл 
463 1 |0 636132  |9 636132  |a Фадеев, А. С. (специалист в области информатики и вычислительной техники ; 1981-)  |c Томск  |d 2023  |n Изд-во ТПУ  |o сборник трудов XX Международной научно-практической конференции студентов, аспирантов и молодых учёных, 20-22 марта 2023 г., г. Томск  |t Молодежь и современные информационные технологии  |u conference_tpu-2023-C04.pdf  |v С. 383-384 
610 1 |a водомасляная эмульсия 
610 1 |a микрофотографии 
610 1 |a дисперсный состав 
610 1 |a труды учёных ТПУ 
610 1 |a электронный ресурс 
700 1 |a Филипас  |b А. А.  |c специалист в области электротехники  |c доцент Томского политехнического университета, кандидат технических наук  |f 1963-  |g Александр Александрович  |9 21969 
701 1 |a Кучман  |b А. В.  |c специалист в области автоматического управления  |c ассистент кафедры Томского политехнического университета  |f 1998-  |g Алёна Владимировна  |9 22911 
701 1 |a Чжан  |b И. 
712 0 2 |a Национальный исследовательский Томский политехнический университет  |b Инженерная школа информационных технологий и робототехники  |c (2017- )  |9 28330 
801 0 |a RU  |b 63413507  |c 20231221 
850 |a 63413507 
856 4 |u http://earchive.tpu.ru/handle/11683/77964  |z http://earchive.tpu.ru/handle/11683/77964 
942 |c CF